000 00704nam a2200265Ia 4500
005 20260302114147.0
008 008 260114s9999 xx 000 0 eng d
020 _a9781350269699
037 _aTextbook
040 _aCRL
040 _beng
040 _cCRL
041 _2eng
041 _aeng
084 _qCRL
100 _aPablo Irizar
_91117941
245 0 _aOn Distance, Belonging, Isolation and the Quarantined Church of Today
260 _bBloomsbury
260 _bBloomsbury Academic
260 _c2022
650 _aPhilosophy
856 _uhttps://doi.org/10.5040/9781350269699?locatt=label:secondary_bloomsburyCollections
942 _cEBOOK
999 _c1681558
_d1681558